00659nam a2200181 a 450000100100000000500170001000800410002702000150006804000250008324500750010826000450018330000280022870000310025670000350028770000320032295201060035499900170046000003688020200930080008.0120203s1987 enka 000 0 spa d a0747600031 aDO-SdBNPbspacBNPHU00aSpirit of enterprise the 1987 rolex awards /cedited by David W. Reed. aEngland :bVan Nostrand Reinhold,c1987. a460 p. :bil. ;c23 cm.1 aReed, David W.eed.9632501 aCochran, George Van. B.9632511 aHeiniger, André J.963252 0010507-18MOaGRbGRcOId2012-02-03iLF1l0o p36880-10r2020-06-25w2020-06-25y1ZNo se presta c36371d36371